000 00658nam a2200253Ia 4500
008 160321s9999||||xx |||||||||||||| ||und||
040 _cEnglish
082 _aXI.A/Hilter
082 _bBORI-102955
100 _aDr. Joseph Goebbela
245 _aReich Chancellor Adolf Hitler
300 _a66
300 _cB
300 _ePaperback
530 _u00067216.pdf
563 _aStudy
600 _aDr. Joseph Goebbela
630 _aReich Chancellor Adolf Hitler
650 _a"Politics, History+ Historiography"
650 _aGeneral Indology
700 _aDr. Joseph Goebbela
730 _aReich Chancellor Adolf Hitler
942 _cBOOK
999 _c1374272
_d1374269